Music Quiz

Random Music or Song Quiz

2010s Song Title Beginnings II Quiz Stats

 Plays Quiz Updated Sep 17, 2019

Score 0/32 Timer 05:00
19 Plays Today
% Correct
Sexy
92.5%
Black
90.3%
Scream
88.4%
Thinking
87.1%
Never
85.2%
Dark
85%
Same
84.8%
Give
83.9%
Glad
83.3%
Cake
83.1%
Hold
82.9%
Don't
82.7%
Turn
82.2%
Started
81.6%
Girls
81%
Sweet
80.8%
% Correct
Better
79.5%
Old
79.3%
New
78.9%
Cold
78.4%
Young
77.1%
Boom
76.6%
Good
76.3%
Send
72.6%
Bodak
72.4%
Wildest
72.4%
Trap
68.9%
Scars
66%
Feel
65.8%
All
65.6%
Without
64.1%
Lush
63.3%

You're not logged in!

Compare scores with friends on all Sporcle quizzes.
OR
Log In

Sporcle TV

Today on Sporcle TV


Watch our educational content, quiz creation guides, and fun videos on Sporcle TV.

Show Comments

Extras

Top Quizzes Today


Score Distribution

Your Account Isn't Verified!

In order to create a playlist on Sporcle, you need to verify the email address you used during registration. Go to your Sporcle Settings to finish the process.

Report this User

Report this user for behavior that violates our Community Guidelines.

Details: